000 00982nas a2200337 4500
001 BR0304008
003 BR-BrBNA
005 20231205103955.0
007 ta
008 230509b bl.|||p| |||| 00| 00por d
040 _aBR-BrBNA
_bpor
_cBiblioteca Nacional de Agricultura
041 _a(Pt)
072 _aF01
100 1 _aMizobutsi, G.P.
100 1 _aBruckner, C.H.
100 1 _aSalomão, L.C.C.
100 1 _aRibeiro, R.A.
100 1 _aMotta, W.F. da
245 1 _aEfeito da aplicação de cianamida hidrogenada e de óleo mineral em caquizeiro
650 _aCAQUI
650 _aFLORAÇÃO
650 _aÓLEO MINERAL
650 _aGEMA
650 _aQUEBRA DA DORMÊNCIA
650 _aPRECOCIDADE VEGETAL
650 _aCOLHEITA
650 _aMATURAÇÃO PRECOCE
773 0 _tRevista Brasileira de Fruticultura (Brazil)
_xISSN 0100-2945
_g(Apr 2003), v. 25(1) p. 89-92
_wBR0304008
909 _a202311
_bLúcia
_c55
_dLúcia Elande
942 _2AGRIS
_n0
_cANA
999 _c175743
_d175743